Fill the Blank US Map with State Capitals - Statistics

General Stats
  • This quiz has been taken 788 times
  • The average score is 26 of 50
Answers on the Map
Answers color-coded by a green-red scale on the quiz's map according to % correct below.
 
Answer Stats
Answer % Correct
Honolulu
76%
Austin
73%
Tallahassee
73%
Juneau
72%
Olympia
72%
Lansing
68%
Phoenix
68%
Augusta
67%
Baton Rouge
67%
Oklahoma City
66%
Bismarck
62%
Columbus
61%
Santa Fe
59%
Denver
58%
Sacramento
58%
Little Rock
57%
Pierre
56%
Montgomery
54%
Jackson
53%
Raleigh
53%
Salt Lake City
52%
Indianapolis
51%
Salem
51%
Helena
50%
Madison
50%
Albany
49%
Atlanta
49%
Saint Paul
48%
Cheyenne
47%
Des Moines
47%
Nashville
47%
Carson City
46%
Columbia
46%
Springfield
46%
Harrisburg
45%
Montpelier
45%
Boston
44%
Providence
44%
Annapolis
43%
Boise
43%
Topeka
42%
Hartford
41%
Jefferson City
37%
Lincoln
37%
Richmond
36%
Frankfort
34%
Trenton
34%
Concord
33%
Dover
30%
Charleston
27%
No matching quizzes found
Score Distribution
Percent of People with Each Score
Percentile by Number Answered
Your Score History
You have not taken this quiz